| 000 | 00359pam a2200145 a 4500 | ||
|---|---|---|---|
| 020 | _c | ||
| 041 | _h | ||
| 082 |
_a751.45 _bHAR |
||
| 100 | _aHazel Harrison. | ||
| 245 |
_aIntroduction to Painting In Oils _bIntroduction to Painting In Oils _hTextual Documents |
||
| 250 | _a2003. | ||
| 260 |
_a[s.l]: _bEagle |
||
| 300 |
_a127: _bpaper. |
||
| 930 | _a3639 | ||
| 999 |
_c237429 _d237429 |
||